<?xml version="1.0" encoding="UTF-8"?>
<record
    xmlns:xsi="http://www.w3.org/2001/XMLSchema-instance"
    xsi:schemaLocation="http://www.loc.gov/MARC21/slim http://www.loc.gov/standards/marcxml/schema/MARC21slim.xsd"
    xmlns="http://www.loc.gov/MARC21/slim">

  <leader>01451nam a22001937a 4500</leader>
  <controlfield tag="003">IT-RoPau</controlfield>
  <controlfield tag="005">20220918175935.0</controlfield>
  <controlfield tag="008">121109b        xxu||||| |||| 00| 0 eng d</controlfield>
  <datafield tag="040" ind1=" " ind2=" ">
    <subfield code="c">IT-RoPau</subfield>
  </datafield>
  <datafield tag="100" ind1=" " ind2=" ">
    <subfield code="a">Alberione Giacomo</subfield>
    <subfield code="q">Fondatore Famiglia Paolina</subfield>
    <subfield code="9">19</subfield>
  </datafield>
  <datafield tag="245" ind1=" " ind2=" ">
    <subfield code="a">Prediche tenute alle Pie Discepole del Divin Maestro.</subfield>
    <subfield code="b">Vol.II Anno 1957 I numeri marginali: 1-373</subfield>
  </datafield>
  <datafield tag="250" ind1=" " ind2=" ">
    <subfield code="a">1</subfield>
  </datafield>
  <datafield tag="260" ind1=" " ind2=" ">
    <subfield code="a">Roma</subfield>
    <subfield code="b">PDDM</subfield>
    <subfield code="c">?1960?</subfield>
  </datafield>
  <datafield tag="300" ind1=" " ind2=" ">
    <subfield code="a">208 p.</subfield>
    <subfield code="c">29,5 cm</subfield>
  </datafield>
  <datafield tag="490" ind1=" " ind2=" ">
    <subfield code="a">II,1</subfield>
    <subfield code="v">II,1</subfield>
  </datafield>
  <datafield tag="500" ind1=" " ind2=" ">
    <subfield code="a">In questo dattiloscritto &#xE8; riportata la trascrizione delle meditazioni registrate su nastro dalla viva voce del Primo Maestro , Don  Giacomo Alberione</subfield>
  </datafield>
  <datafield tag="520" ind1=" " ind2=" ">
    <subfield code="a">Prefazione
44) Anno Nuovo
45) Solennita' dell' Epifania del Signore
46) Il Fine della vita religiosa e della Pia Discepole
47) Il Paradiso
48) La Speranza
49) La Retta perfezione
50) La Virt&#xF9; della religione e il dono dellla piet&#xE0;
51) L' Umilt&#xE0;
52) Le Costituzioni: via facile, sicura, necessaria
53) Vestizione 
54) Pericoli dopo la professione religiosa
55) L' Apostolato del servizio sacerdotale
56) La Vocazione religiosa
57) Lo Scoraggiamento: cause-danni-rimedi
58) Il Credo ( articoli 1- 3)
59) Il Credo ( articoli 4- 8)
60) "Credo la chiesa cattolica" - La comunione dei santi
61) "Credo la remissione dei peccati"
62) "Credo la vita eterna
63) Lo Spirito della Pia Discepola
64) Il Progresso della congregazione
65) La contemplazione - lo studio
  
  

 
</subfield>
  </datafield>
  <datafield tag="942" ind1=" " ind2=" ">
    <subfield code="2">ddc</subfield>
    <subfield code="c">BK</subfield>
  </datafield>
  <datafield tag="999" ind1=" " ind2=" ">
    <subfield code="c">37490</subfield>
    <subfield code="d">37490</subfield>
  </datafield>
  <datafield tag="952" ind1=" " ind2=" ">
    <subfield code="0">0</subfield>
    <subfield code="1">0</subfield>
    <subfield code="2">ddc</subfield>
    <subfield code="4">0</subfield>
    <subfield code="6">P_A1</subfield>
    <subfield code="7">1</subfield>
    <subfield code="a">PAULUS</subfield>
    <subfield code="b">PAULUS</subfield>
    <subfield code="d">2012-11-09</subfield>
    <subfield code="l">0</subfield>
    <subfield code="o">P A1</subfield>
    <subfield code="r">2012-11-09 00:00:00</subfield>
    <subfield code="w">2012-11-09</subfield>
    <subfield code="y">BK</subfield>
  </datafield>
</record>
